<?xml version="1.0" encoding="UTF-8"?>
<record
    xmlns:xsi="http://www.w3.org/2001/XMLSchema-instance"
    xsi:schemaLocation="http://www.loc.gov/MARC21/slim http://www.loc.gov/standards/marcxml/schema/MARC21slim.xsd"
    xmlns="http://www.loc.gov/MARC21/slim">

  <leader>00377nam a22001217a 4500</leader>
  <datafield tag="040" ind1=" " ind2=" ">
    <subfield code="c">HS</subfield>
  </datafield>
  <datafield tag="082" ind1=" " ind2=" ">
    <subfield code="a">634</subfield>
  </datafield>
  <datafield tag="100" ind1=" " ind2=" ">
    <subfield code="a">&#x1793;&#x17BB;&#x1796; &#x179F;&#x17BB;&#x1792;&#x17B6;</subfield>
  </datafield>
  <datafield tag="245" ind1=" " ind2=" ">
    <subfield code="a">&#x1780;&#x1798;&#x17D2;&#x1798;&#x179C;&#x17B7;&#x1792;&#x17B8;&#x1794;&#x178E;&#x17D2;&#x178F;&#x17BB;&#x17C7;&#x1794;&#x178E;&#x17D2;&#x178F;&#x17B6;&#x179B;&#x179F;&#x17D2;&#x178F;&#x17B8;&#x1796;&#x17B8;&#x1780;&#x17B6;&#x179A;&#x1795;&#x17D2;&#x179F;&#x1796;&#x17D2;&#x179C;&#x1795;&#x17D2;&#x179F;&#x17B6;&#x1799;&#x1796;&#x17D2;&#x179A;&#x17C3;&#x1788;&#x17BE;</subfield>
  </datafield>
  <datafield tag="260" ind1=" " ind2=" ">
    <subfield code="a">Cambodia</subfield>
    <subfield code="b">&#x1793;&#x17BB;&#x1796; &#x179F;&#x17BB;&#x1792;&#x17B6;</subfield>
    <subfield code="c">NA</subfield>
  </datafield>
  <datafield tag="300" ind1=" " ind2=" ">
    <subfield code="a">NA</subfield>
  </datafield>
  <datafield tag="942" ind1=" " ind2=" ">
    <subfield code="c">KB</subfield>
  </datafield>
  <datafield tag="999" ind1=" " ind2=" ">
    <subfield code="c">9282</subfield>
    <subfield code="d">9282</subfield>
  </datafield>
  <datafield tag="952" ind1=" " ind2=" ">
    <subfield code="0">0</subfield>
    <subfield code="1">0</subfield>
    <subfield code="4">0</subfield>
    <subfield code="6">634_000000000000000_&#x1793;&#x17BB;&#x1796;_NA_C257</subfield>
    <subfield code="7">0</subfield>
    <subfield code="9">51030</subfield>
    <subfield code="a">LBC</subfield>
    <subfield code="b">LBC</subfield>
    <subfield code="c">C257</subfield>
    <subfield code="d">2016-08-30</subfield>
    <subfield code="o">634 &#x1793;&#x17BB;&#x1796; NA C257</subfield>
    <subfield code="p">RUA41397</subfield>
    <subfield code="r">2016-08-30</subfield>
    <subfield code="y">KB</subfield>
  </datafield>
  <datafield tag="952" ind1=" " ind2=" ">
    <subfield code="0">0</subfield>
    <subfield code="1">0</subfield>
    <subfield code="4">0</subfield>
    <subfield code="6">634_000000000000000_&#x1793;&#x17BB;&#x1796;_NA_C257</subfield>
    <subfield code="7">0</subfield>
    <subfield code="9">51031</subfield>
    <subfield code="a">LBC</subfield>
    <subfield code="b">LBC</subfield>
    <subfield code="c">C257</subfield>
    <subfield code="d">2016-08-30</subfield>
    <subfield code="o">634 &#x1793;&#x17BB;&#x1796; NA C257</subfield>
    <subfield code="p">RUA44067</subfield>
    <subfield code="r">2016-08-30</subfield>
    <subfield code="y">KB</subfield>
  </datafield>
</record>
